000 01250nam a2200361Ia 4500
001 dia_296
003 CHAP
005 20230116110138.0
008 220117s2004 xx 000 0 und d
010 _a170849
020 _a84-89922-95-0 (A.MAdrid Vicente Ed.) \ 84-8476-176-2 (Mundi-Prensa)
040 _cCHAP
082 _a664.092 C63 2004
100 _aColes, R.
_9148073
245 _aManual del envasado de alimentos y bebidas /
_c R. Coles, D. McDowell y M. J. Kirwan ; traducción Antonio Madrid Vicente y Ana Madrid Cenzano
260 _aEspaña :
_b A. Madrid Vicente :,
_b Mundi-Prensa,
_c2004
300 _a244 p.
410 _aTESTIMONIOS UAG, 2
500 _aTítulo original: Food packaging technology
503 _aC/e
504 _aIncluye bibliografías
590 _aTP374 C63 2004
650 _aEnvasado de alimentos
_9147758
650 _aFood packing
_9148074
700 _aKirwan, Mark J., coaut.
_9148075
700 _aMadrid Cenzano, Ana, tr.
_9148076
700 _aMadrid Vicente, Antonio, tr.
_9148077
700 _aMcDowell, Derek, coaut.
_9148078
901 _a664.092 C63 2004
902 _aM
905 _a5232272004 sp aimn8222223322spa16
942 _cLIBRO
_2ddc
999 _c170849
_d170849